|
|
|
|
| LEADER |
00844nab a2200241 i 4500 |
| 001 |
publ35006 |
| 005 |
20241029130653.0 |
| 008 |
241029s2024 hu o 000 eng d |
| 022 |
|
|
|a 2297-055X
|
| 024 |
7 |
|
|a 10.3389/fcvm.2024.1453273
|2 doi
|
| 024 |
7 |
|
|a 35484155
|2 mtmt
|
| 040 |
|
|
|a SZTE Publicatio Repozitórium
|b hun
|
| 041 |
|
|
|a eng
|
| 100 |
1 |
|
|a Gagyi Rita Beáta
|
| 245 |
1 |
0 |
|a Charge density mapping demonstrates superiority in catheter ablation of post-surgical atrial tachycardias
|h [elektronikus dokumentum] /
|c Gagyi Rita Beáta
|
| 260 |
|
|
|c 2024
|
| 300 |
|
|
|a 12
|
| 490 |
0 |
|
|a FRONTIERS IN CARDIOVASCULAR MEDICINE
|v 11
|
| 650 |
|
4 |
|a Klinikai orvostan
|
| 700 |
0 |
1 |
|a Minciuna Ioan A.
|e aut
|
| 700 |
0 |
1 |
|a Bories Wim
|e aut
|
| 700 |
0 |
2 |
|a Szili-Török Tamás
|e aut
|
| 856 |
4 |
0 |
|u http://publicatio.bibl.u-szeged.hu/35006/1/Gagyi.pdf
|z Dokumentum-elérés
|